Fundamentos de estructura ecónomica / (Record no. 13818)
[ view plain ]
| 000 -CABECERA | |
|---|---|
| campo de control de longitud fija | 00918cam a2200277 a 4500 |
| 001 - NÚMERO DE CONTROL | |
| campo de control | 000014219 |
| 005 - FECHA Y HORA DE LA ÚLTIMA TRANSACCIÓN | |
| campo de control | 20250707112615.0 |
| 008 - DATOS DE LONGITUD FIJA--INFORMACIÓN GENERAL | |
| campo de control de longitud fija | 760204s1992 sp b 001 0 spa |
| 020 ## - NÚMERO INTERNACIONAL ESTÁNDAR DEL LIBRO | |
| Número Internacional Estándar del Libro | 8420621374 |
| 035 ## - NÚMERO DE CONTROL DEL SISTEMA | |
| Número de control de sistema | (DLC) 76451158 |
| 040 ## - FUENTE DE LA CATALOGACIÓN | |
| Centro catalogador/agencia de origen | DO-SdBNP |
| Lengua de catalogación | spa |
| Centro/agencia transcriptor | BNPHU |
| Centro/agencia modificador | DLC |
| 082 ## - NÚMERO DE LA CLASIFICACIÓN DECIMAL DEWEY | |
| Número de clasificación | 330 |
| Número de documento/Ítem | T153f, 1992 |
| 049 ## - FONDOS LOCALES (OCLC) | |
| Fondos de biblioteca | BNGR |
| 100 1# - ENTRADA PRINCIPAL--NOMBRE DE PERSONA | |
| Nombre de persona | Tamames, Ramón, |
| Forma completa/desarrollada del nombre | Ramón Tamames Gómez |
| Fechas asociadas al nombre | 1933- |
| 9 (RLIN) | 32125 |
| 245 10 - MENCIÓN DE TÍTULO | |
| Título | Fundamentos de estructura ecónomica / |
| Mención de responsabilidad, etc. | Ramón Tamames; prólogo José Luis Sampedro. |
| 250 ## - MENCIÓN DE EDICIÓN | |
| Mención de edición | 5a ed. |
| 260 ## - PUBLICACIÓN, DISTRIBUCIÓN, ETC. | |
| Lugar de publicación, distribución, etc. | Madrid : |
| Nombre del editor, distribuidor, etc. | Alianza Editorial, |
| Fecha de publicación, distribución, etc. | 1992. |
| 300 ## - DESCRIPCIÓN FÍSICA | |
| Extensión | 835 p. : ; |
| Dimensiones | 24 cm. |
| 490 1# - MENCIÓN DE SERIE | |
| Mención de serie | Alianza universidad |
| Designación de volumen o secuencia | 137 |
| 500 ## - NOTA GENERAL | |
| Nota general | Incluye índice de nombres: p. 825-835 |
| 500 ## - NOTA GENERAL | |
| Nota general | Incluye notas al pie al pie páginas. |
| 650 #0 - PUNTO DE ACCESO ADICIONAL DE MATERIA--TÉRMINO DE MATERIA | |
| Término de materia o nombre geográfico como elemento de entrada | Economia |
| 9 (RLIN) | 85383 |
| 700 1# - PUNTO DE ACCESO ADICIONAL--NOMBRE DE PERSONA | |
| Nombre de persona | Sampedro José Luis |
| Títulos y otros términos asociados al nombre | pró. |
| 9 (RLIN) | 32126 |
| 830 #0 - PUNTO DE ACCESO ADICIONAL DE SERIE-TÍTULO UNIFORME | |
| Título uniforme | Alianza universidad ; |
| Designación de volumen o secuencia | 137. |
| 9 (RLIN) | 32127 |
| 910 ## - DATOS DE OPCIÓN DEL USUARIO (OCLC) | |
| Datos de opción del usuario | Catalogación derivada |
| Estado de retiro | Estado de pérdida | Restricciones de uso | No para préstamo | Código de colección | Localización permanente | Ubicación/localización actual | Ubicación en estantería | Fecha de adquisición | Número de inventario | Total de préstamos | Signatura topográfica completa | Código de barras | Fecha visto por última vez | Precio válido a partir de | Tipo de ítem Koha |
|---|---|---|---|---|---|---|---|---|---|---|---|---|---|---|---|
| Préstamo interno | Monografías: Libros y Folletos | General | General | En catalogación | 07.12.2009 | LF1 | 330 T153f, 1992 | 14219-10 | 25.06.2020 | 25.06.2020 | Préstamo interno |
